|
|
|
|
| LEADER |
00000cam a2200000 7i4500 |
| 001 |
0000002434 |
| 005 |
20030619.0 |
| 020 |
0 |
0 |
|a 3880851115
|
| 090 |
0 |
0 |
|a 638.1
|b DRE 1982
|
| 100 |
1 |
0 |
|a DRESCHER
|h Wilhelm
|
| 245 |
1 |
0 |
|a Technical cooperation activities: beekeeping :
|b a directory and guide
|c by Wilhelm Drescher and Eva Crane
|
| 260 |
0 |
0 |
|a Eschborn :
|b German Agency for Technical Cooperation ,
|c 1982
|
| 300 |
|
|
|a 162 p. :
|b ill. ;
|c 21 cm.
|
| 650 |
0 |
0 |
|a Bee culture
|x Directories
|
| 700 |
0 |
1 |
|a Crane
|h Eva
|
| 998 |
|
|
|a JPSM
|
| 999 |
|
|
|a 0000004084
|b Monograph
|c Open Shelf
|e Default branch
|